000 00742nam a2200217Ii 4500
003 JO-AjNU
008 230605s9999||||xx |||||||||||||| ||und||
017 _a2010/22529
020 _a978-977-455-698-3
040 _aJO-AjNU
_bara
_erda
_cJO-AjNU
041 _aara
050 1 4 _aQA76.9 2011
100 3 _aفولر، لوري؛ ترجمة خالد اولر العامري ,
_eauthor
_944455
245 0 0 _aمايكروسوفت اكسيس 2010 دومينز
264 3 1 _aالقاهرة:دار الفاروق للنشر ، 2011
300 _a512ص
336 _atext
_btxt
_2rdacontent
337 _aunmediated
_bn
_2rdamedia
338 _avolume
_bnc
_2rdacarrier
650 4 _aالحاسبات الالكترونية- برامج
_944456
999 _aA19197
_c22765
_d22765